Využitie informačných a komunikačných nástrojov v riadení ľudských zdrojov bakalárska práca

Salvato in:
Dettagli Bibliografici
Autore principale: Ganobčíková, Erika
Ente Autore: Fakulta podnikového manažmentu EU. Katedra manažmentu
Altri autori: Tarišková, Natália, 1973-
Natura: Libro
Lingua:slovacco
Pubblicazione: Bratislava 2022
Tags: Aggiungi Tag
Nessun Tag, puoi essere il primo ad aggiungerne!!

MARC

LEADER 00000nbm a2200000 4500
001 0285631
005 20230320134950.4
041 0 |a slo 
044 |a SK 
245 1 0 |a Využitie informačných a komunikačných nástrojov v riadení ľudských zdrojov  |b bakalárska práca  |c Erika Ganobčíková ; školiteľ: Natália Tarišková 
264 1 |a Bratislava  |c 2022 
300 |a 44 s. 
100 1 |a Ganobčíková, Erika 
700 1 |a Tarišková, Natália, 1973- 
710 2 |a Fakulta podnikového manažmentu EU. Katedra manažmentu